00322nam a2200121Ia 4500008004100000041000800041082001500049100001900064245004200083260003900125300002900164365000700193240624s9999 xx 000 0 und d aeng a658.88 JET aJETHWANT NIDHI aTREASURY AND RISK MANAGEMENT IN BANKS c2010aNew DelhibAxis Publications av, : 279 : p. : cm. ; 21 cRS